01294nam a2200325 u 4500001000800000005001700008008004100025035001200066040001300078041000800091080000600099100004900105245006400154260004300218300002100261650004500282650005000327650002700377650003900404650005000443650004200493650003300535700005900568942001000627999001900637502001000656526000700666952016900673952012600842106541520260507082834.0080201e20071121 ||||||m| spa  a1065415 ccomduadb aspa aH10aMarin Gutierrez, Ana Maria4auteaut958728510aAspectos tributarios del comercio electrónico en Colombia aMedellín :b[sin publicador],c2007. a96 h. + 1 CD-ROM aComercio electrónico - Colombia973190 0aComercio electrónicoxLegislación9126061 aLey 527 de 1999958065 aAdministración tributaria983905 7aTecnología de la información2lemb926882 aLegislacion en comunicaciones9162945 7aDerecho fiscal2lemb918679810aTorres Piedrahíta, Liliana María4auteaut9396521 cTESIS c454356d454356 b66c9 a66 001040708TESDIGBCaBCbBCd2007-10-18eMaterial adquirido por donacióniC969156l0o343.0999 M337a CD-ROMp0712012r2023-04-27 00:00:00t1w2023-04-27yDIGITAL 001040708GENERALaCIEbCIEd2008-02-01iC987985l0oH/15759p61000004679531r2023-04-27 00:00:00t1w2023-04-27yTESIS